000
00299nam a22001337a 4500
008
170621b xxu||||| |||| 00| 0 eng d
020
_a
0837174449
041
_a
eng
080
_a
32
100
_a
20
101
_a
SHP
245
_a
THE FUTURE OF POLITICAL SCIENCE
_c
LASSWELL,H.D
942
_2
udc
_c
BK
999
_c
18434
_d
18434